Evaluación de la calidad del agua del Río Damas en función del uso del suelo de la cuenca
Shranjeno v:
| Glavni avtor: | |
|---|---|
| Format: | Knjiga |
| Izdano: |
San José, C.R
2001
|
| Teme: | |
| Oznake: |
Označite
Brez oznak, prvi označite!
|
MARC
| LEADER | 00000nam a2200000Ia 4500 | ||
|---|---|---|---|
| 003 | 008761 | ||
| 005 | 20221231144201.0 | ||
| 008 | 140114s2001 cr a m 000 ||s d | ||
| 040 | |c cru CEDI | ||
| 090 | |a TFG 4336 | ||
| 100 | |a Lizano Gonzalez, Vivian |9 7745 | ||
| 245 | |a Evaluación de la calidad del agua del Río Damas en función del uso del suelo de la cuenca | ||
| 260 | |c 2001 |a San José, C.R | ||
| 300 | |a 118 hojas : ilustraciones a color , mapas | ||
| 500 | |a Tesis (licenciatura en ingeniería civil)--Universidad de Costa Rica. Facultad de Ingeniería. Escuela de Ingeniería Civil | ||
| 650 | |x CALIDAD DEL AGUA |x MEDICIONES |x RECURSOS HIDRICOS |x AGUAS RESIDUALES |x CONTAMINACION DEL AGUA |9 7746 | ||
| 942 | |c TFG | ||
| 999 | |c 18102 |d 18102 | ||
